000 002900000a22000970004500
100 1 _aSogaard, Viggo
245 1 0 _aThe emergence of audio-scripture in church and mission
300 _aVol. 12, Núm 2 (1995), Páginas 71-75
773 0 _tInternational Journal of Frontier Misions
942 _cANA
999 _c55299
_d55299